vanessa paradis filmographie - Statistiques

Statistiques générales
  • Ce quiz a été pris 64 fois
  • Le résultat moyen est 5 sur 15
Statistiques - réponses
Hint Réponse % Correct
1995 elisa
78%
2010 l'arnacoeur
78%
1989 noce blanche
75%
1999 la fille sur le pont
61%
1997 un amour de sorciere
47%
1998 1 chance sur 2
33%
2014 sous les jupes des filles
28%
2012 cornouaille
22%
2012 je me suis fait tout petit
19%
2007 la clef
14%
2004 mon ange
14%
2004 atomik circus
11%
2012 dubai flamingo
8%
2013 apprenti gigolo
6%
2011 cafe de flore
6%
Aucun quiz correspondant
Distribution des résultats
% des personnes avec chaque résultat
Percentile par nombre de réponses
Votre historique - résultats
Vous n’avez pas pris ce quiz